000 01068pam a2200325 i 4500
001 15736
003 BD-RjUL
005 20211208235857.0
008 140210s1980 njua b 001 0 eng
020 _a0131136887
020 _a0131136704 (pbk.)
035 _a(BD-RjUL)15791
040 _aDLC
_cDLC
_dBD-RjUL
_beng
041 _aeng
082 0 0 _a332.60973
_bDOC 1980
100 1 _aDougall, Herbert Edward.
_948820
245 1 0 _aCapital markets and institutions /
_cHerbert E. Dougall, Jack E. Gaumnitz.
250 _a4th ed.
260 _aEnglewood Cliffs ; N.J. :
_bPrentice-Hall,
_cc1980.
300 _axxi, 249 p. :
_bill. ;
_c23 cm.
490 0 _aPrentice-Hall foundations of finance series
504 _aIncludes bibliographical references and index.
650 0 _aCapital market
_zUnited States.
_948821
650 0 _aFinance
_zUnited States.
_948822
650 0 _aFinancial institutions
_zUnited States.
_97442
700 1 _aGaumnitz, Jack E.
_d1935-
_ejoint author.
_948823
942 _2ddc
_cBK
999 _c15736
_d15736